Alicia en el país de las maravillas
Gespeichert in:
| 1. Verfasser: | |
|---|---|
| Format: | Buch |
| Sprache: | Spanisch |
| Veröffentlicht: |
Ciudad de México
Fondo de Cultura Económica
2012
|
| Schriftenreihe: | Clásicos del Fondo
|
| Schlagworte: | |
| Tags: |
Tag hinzufügen
Keine Tags, Fügen Sie den ersten Tag hinzu!
|
MARC
| LEADER | 00000cam a2200000 a 4500 | ||
|---|---|---|---|
| 001 | UCF7942 | ||
| 003 | CL-VaPUC | ||
| 008 | 130711e20120000MX |||||||||||||||||spa|d | ||
| 020 | |a 9786071608147 | ||
| 082 | 0 | 4 | |a 8 |b CAR |2 21 |
| 100 | 0 | |a Carroll, Lewis |e author |9 266788 | |
| 245 | 1 | 0 | |a Alicia en el país de las maravillas |
| 300 | |a 134 p | ||
| 942 | |c BK | ||
| 945 | |d 20130711 00:00:00 |a dcastane | ||
| 260 | |a Ciudad de México |b Fondo de Cultura Económica |c 2012 | ||
| 500 | |a Ilustraciones de Rébecca Dautremer | ||
| 650 | 0 | |a Libros infantiles |9 389584 | |
| 650 | 0 | |a Novelas inglesas |9 265220 | |
| 650 | 0 | |a Literatura inglesa |9 312907 | |
| 583 | |a last modification |c 20130711 11:26:00 |k Rodrigo Vera | ||
| 490 | 0 | |a Clásicos del Fondo | |
| 999 | |c 352659 |d 352657 | ||
| 952 | |0 0 |1 0 |4 0 |6 8_000000000000000_CAR_2012 |7 0 |8 C |9 457263 |a BIBCUR |b BIBCUR |d 2019-11-22 |i 4983505 |l 3 |o 8 CAR 2012 |p 4983505 |r 2025-04-22 |s 2025-03-07 |w 2019-11-22 |y BK |k INF | ||